000
00370nam a2200145Ia 4500
008
100122s9999 xx 000 0 und d
082
_b
27487
_a
823
100
_a
रोहेकर ए ना
245
_a
हिंदोल
260
_b
रोहेकर
_c
1905
300
_a
136
630
_a
हिंदोल
730
_a
हिंदोल
942
_c
BOOK
999
_c
413545
_d
413542